000 00581nam a2200193Ia 4500
003 IN-BaIIA
008 211028s9999 xx 000 0 eng d
040 _cIIA Library
080 _a083.7:621.777
_bISI
110 _aIndian Standards Institution
245 0 _aIndian standard marking system for grinding wheels
_cIndian Standards Institution
260 _aNew Delhi
_bIndian Standards Institution
_c1966
300 _a7p.
500 _aIS 551 : 1966
650 _aDimond Grinding Wheels-Standards
_99290
650 _aNASA Thesaurus
650 _aStandards
_98876
942 _cBK
999 _c5307
_d5307